<?xml version="1.0" encoding="UTF-8"?>
<collection xmlns="http://www.loc.gov/MARC21/slim">
    <record>
        <controlfield tag="001">46540</controlfield>
        <controlfield tag="005">20170831220541.0</controlfield>
        <datafield tag="037" ind1=" " ind2=" ">
            <subfield code="a">GDOC-2010-0997</subfield>
        </datafield>
        <datafield tag="041" ind1=" " ind2=" ">
            <subfield code="a">spa</subfield>
        </datafield>
        <datafield tag="100" ind1=" " ind2=" ">
            <subfield code="0">(orcid)0000-0001-8373-5835</subfield>
            <subfield code="a">Velilla Marco, Santiago Miguel</subfield>
        </datafield>
        <datafield tag="245" ind1="0" ind2="0">
            <subfield code="9">62600</subfield>
            <subfield code="a">Bases de datos y sistemas de información</subfield>
        </datafield>
        <datafield tag="260" ind1=" " ind2=" ">
            <subfield code="a">Zaragoza</subfield>
            <subfield code="b">Universidad de Zaragoza</subfield>
            <subfield code="c">2010-2011</subfield>
        </datafield>
        <datafield tag="520" ind1=" " ind2=" ">
            <subfield code="a">La asignatura consta de 4 créditos ECTS, que representan 100 horas de trabajo del alumno,  de  las cuales 40 serán presenciales (teoría, problemas y laboratorio). Teniendo en cuenta las titulaciones que dan acceso al máster, no es necesario ningún conocimiento previo adicional al adquirido en las titulaciones de grado para poder cursar esta materia. Desde el punto de vista del contenido, esta asignatura tiene como objetivo principal presentar los conceptos básicos de la tecnología de bases de datos, incluyendo diseño, implementación, explotación, y administración. También se darán nociones sobre sistemas de información.</subfield>
        </datafield>
        <datafield tag="521" ind1=" " ind2=" ">
            <subfield code="9">630</subfield>
            <subfield code="a">Máster Universitario en Ingeniería de Sistemas e Informática</subfield>
        </datafield>
        <datafield tag="540" ind1=" " ind2=" ">
            <subfield code="a">by-nc-sa</subfield>
            <subfield code="b">Creative Commons</subfield>
            <subfield code="c">3.0</subfield>
            <subfield code="u">http://creativecommons.org/licenses/by-nc-sa/3.0/</subfield>
        </datafield>
        <datafield tag="700" ind1=" " ind2=" ">
            <subfield code="0">(orcid)0000-0002-7462-0080</subfield>
            <subfield code="a">Mena Nieto, Eduardo</subfield>
        </datafield>
        <datafield tag="830" ind1=" " ind2=" ">
            <subfield code="9">345</subfield>
        </datafield>
        <datafield tag="856" ind1="4" ind2=" ">
            <subfield code="s">93129</subfield>
            <subfield code="u">http://zaguan.unizar.es/record/46540/files/guia.pdf</subfield>
            <subfield code="y">Guía (idioma español)</subfield>
        </datafield>
        <datafield tag="980" ind1=" " ind2=" ">
            <subfield code="a">GDOC</subfield>
            <subfield code="b">Ingeniería y Arquitectura</subfield>
            <subfield code="c">106</subfield>
        </datafield>
    </record>

    
</collection>